Loading...
| Literature - American | 0 | 6 | 2 | 0 | 50 | 55 | 91.67 | 1 | 3 | 19.97 | 31.52 |
| Literature - European | 0 | 4 | 0 | 0 | 40 | 108 | 116.25 | 0 | 2 | 6.06 | 16.36 |
| Science - Biology | 0 | 4 | 1 | 1 | 35 | 73 | 88.75 | 1 | 2 | 7.57 | 19.70 |
| Literature - World | 0 | 4 | 1 | 0 | 35 | 63 | 85.25 | 2 | 3 | 14.18 | 28.79 |
| Literature - British | 0 | 3 | 1 | 0 | 25 | 121 | 126.67 | 0 | 1 | 3.72 | 11.82 |
| Social Science | 0 | 2 | 0 | 0 | 20 | 56 | 78.00 | 1 | 2 | 5.38 | 13.64 |
| Other Academic | 0 | 2 | 0 | 0 | 20 | 48 | 56.50 | 0 | 2 | 35.66 | 50.00 |
| Science - Other | 0 | 2 | 0 | 0 | 20 | 107 | 114.00 | 0 | 1 | 2.85 | 6.97 |
| Fine Arts - Painting and Sculpture | 0 | 1 | 0 | 0 | 10 | 90 | 90.00 | 0 | 1 | 2.44 | 4.55 |
| Fine Arts - Other | 0 | 1 | 0 | 0 | 10 | 128 | 128.00 | 0 | 0 | 0.07 | 3.03 |
| Science - Chemistry | 0 | 1 | 0 | 0 | 10 | 51 | 51.00 | 0 | 1 | 5.13 | 7.58 |
| Religion | 0 | 1 | 2 | 0 | 0 | 79 | 79.00 | 0 | 1 | 3.35 | 6.06 |
| History - American | 0 | 0 | 0 | 0 | 0 | 0.00 | 0 | 0 | 0.00 | 0.00 | |
| Philosophy | 0 | 0 | 0 | 0 | 0 | 0.00 | 0 | 0 | 0.00 | 0.00 | |
| History - World | 0 | 0 | 1 | 0 | -5 | 0.00 | 0 | 0 | 0.00 | 0.00 | |
| Current Events | 0 | 0 | 1 | 0 | -5 | 0.00 | 0 | 0 | 0.00 | 0.00 |